000 00606nam a2200217Ia 4500
005 20250923144614.0
008 008 250917s9999 xx 000 0 eng d
037 _aTextual
040 _aDSWL
_beng
_cDSWL
041 _aeng
_2eng
084 _aY1Z7, J3
_qDSWL
100 _aParsons, T.
_9826563
245 0 _aWorking papers in the theoryof action
_cby T. Parsons
260 _aGlenceo
_bGlenceo Free Press
_c1953
300 _a269p.
365 _aUSD
_b3.75
700 _aE.A. ShilsR.F.Bales
_9826564
925 _g3.75
942 _cTEXL
_hY1Z7, J3
999 _c1441070
_d1441070